Decir en griego la novedad del hebreo : (Registro nro. 64970)
[ vista simple ]
| 000 -LEADER | |
|---|---|
| fixed length control field | 01074cam a2200289 i 4500 |
| 001 - CONTROL NUMBER | |
| control field | 64970 |
| 003 - CONTROL NUMBER IDENTIFIER | |
| control field | Mx-PuUPA |
| 005 - DATE AND TIME OF LATEST TRANSACTION | |
| control field | 20251013161958.0 |
| 008 - FIXED-LENGTH DATA ELEMENTS--GENERAL INFORMATION | |
| fixed length control field | 080508s2005 sp r 000 0 spa|d |
| 020 ## - INTERNATIONAL STANDARD BOOK NUMBER | |
| International Standard Book Number | 9788472132115 |
| 040 ## - CATALOGING SOURCE | |
| Original cataloging agency | Mx-PuUPA |
| Language of cataloging | spa |
| Transcribing agency | Mx-PuUPA |
| Modifying agency | Mx-PuUPA |
| Description conventions | rda |
| 041 0# - LANGUAGE CODE | |
| Language code of text/sound track or separate title | spa |
| 100 1# - MAIN ENTRY--PERSONAL NAME | |
| Personal name | Medina, Jorge, |
| Fuller form of name | (Medina Delgadillo) |
| Relator term | autor |
| 9 (RLIN) | 9923 |
| 245 10 - TITLE STATEMENT | |
| Title | Decir en griego la novedad del hebreo : |
| Remainder of title | introducción a las lecturas talmúdicas de Emmanuel Levinas / |
| Statement of responsibility, etc. | Jorge Medina Delgadillo ; prólogo de Leonel Levy |
| 264 #1 - PRODUCTION, PUBLICATION, DISTRIBUTION, MANUFACTURE, AND COPYRIGHT NOTICE | |
| Place of production, publication, distribution, manufacture | Zaragoza, España : |
| Name of producer, publisher, distributor, manufacturer | Riopiedras Ediciones, |
| Date of production, publication, distribution, manufacture, or copyright notice | [2017?] |
| 300 ## - PHYSICAL DESCRIPTION | |
| Extent | 173 páginas ; |
| Dimensions | 21 cm. |
| 336 ## - CONTENT TYPE | |
| Fuente | rdacontent |
| Content type term | texto |
| Content type code | txt |
| 337 ## - MEDIA TYPE | |
| Source | rdamedia |
| Media type term | sin medio |
| Media type code | n |
| 338 ## - CARRIER TYPE | |
| Source | rdacarrier |
| Carrier type term | volumen |
| Carrier type code | nc |
| 600 10 - SUBJECT ADDED ENTRY--PERSONAL NAME | |
| Personal name | Lévinas, Emmanuel, |
| Dates associated with a name | 1906-1995 |
| 9 (RLIN) | 6593 |
| 650 #4 - SUBJECT ADDED ENTRY--TOPICAL TERM | |
| Topical term or geographic name entry element | Talmud |
| General subdivision | Crítica e interpretación |
| 700 1# - ADDED ENTRY--PERSONAL NAME | |
| Personal name | Levy, Leonel, |
| Relator term | prologuista |
| 942 ## - ADDED ENTRY ELEMENTS (KOHA) | |
| Source of classification or shelving scheme | Dewey Decimal Classification |
| Koha item type | Libro |
| Classification part | 296.1206 |
| Item part | M488 |
| Withdrawn status | Lost status | Source of classification or shelving scheme | Damaged status | Not for loan | Collection code | Home library | Current library | Shelving location | Date acquired | Source of acquisition | Total Checkouts | Full call number | Barcode | Date last seen | Price effective from | Koha item type |
|---|---|---|---|---|---|---|---|---|---|---|---|---|---|---|---|---|
| Dewey Decimal Classification | General | Biblioteca Karol Wojtyla | Biblioteca Karol Wojtyla | Sala general | 21/10/2019 | Donación | 296.1206 M488 2017 | 49509 | 05/01/2026 | 03/12/2013 | Libro |